旭型の採用駅 - Statistics

General Stats
  • This quiz has been taken 9 times
  • The average score is 25 of 32
Answer Stats
支社 Answer % Correct
赤塚
89%
水戸
89%
勝田
89%
高麗川
78%
横浜支社 海老名
78%
千葉支社 本千葉
78%
浜野
78%
八幡宿
78%
五井
78%
姉ケ崎
78%
長浦
78%
袖ケ浦
78%
君津
78%
都賀
78%
四街道
78%
物井
78%
佐倉
78%
八街
78%
成東
78%
78%
鎌取
78%
誉田
78%
土気
78%
大網
78%
茂原
78%
水戸支社 友部
78%
日立
78%
いわき
78%
東北本部 一ノ関
78%
八王子支社 八王子
67%
熱海
56%
伊東
56%
No matching quizzes found
Score Distribution
Percent of People with Each Score
Percentile by Number Answered
Your Score History
You have not taken this quiz